Les vinaigres ? Mais de quoi ? - Statistiques

Statistiques générales
  • Ce quiz a été pris 36 fois
  • Le résultat moyen est 6 sur 57
Statistiques - réponses
Initiale Produit Indice % Correct
V Vin Nom usuel
69%
B Balsamique Nom usuel
66%
C Cidre Nom usuel
54%
X Xérès Lieu
49%
A Alcool Nom usuel
37%
B Blanc Nom usuel
34%
A Sirop d'{Agave} Matière
29%
F Framboise Matière
26%
P Poiré Nom usuel
23%
R Riz Matière
20%
B Bordeaux Lieu
17%
M Malt Matière
17%
M Miel Matière
14%
A Ananas Matière
11%
B Bière Nom usuel
11%
FDLP Fruits de la passion Matière
11%
G Grenade Matière
9%
M Modène Lieu
9%
D Dattes Matière
6%
F Figues Matière
6%
FR Fruits rouges Matière
6%
K Kiwis Matière
6%
P Porto Lieu
6%
R Reims Lieu
6%
A Arrope Lieu
3%
B Bananes Matière
3%
B Banyuls Lieu
3%
B Beaune Lieu
3%
C Coings Matière
3%
C Corossols Matière
3%
C Curcuma Matière
3%
FDB Figues de Barbarie Matière
3%
G Gingembre Matière
3%
G Gojis Matière
3%
H Hydromel Matière
3%
J Jamelons Matière
3%
J Jujube Matière
3%
K Kumquats Matière
3%
L Litchis Matière
3%
M Mangoustans Matière
3%
M Mangues Matière
3%
M Millet Matière
3%
C {Nata de} coco Matière
3%
O Orléans Lieu
3%
P Papayes Matière
3%
P Pekmez Lieu
3%
PL Petit-lait Matière
3%
B Sirop de {Batterie} Matière
3%
S Sorgo Matière
3%
T Tomates Matière
3%
V Vanille Matière
3%
P Vin de {Palme} Matière
3%
B Bleuet Matière
0%
O Oranges {calamondines} Matière
0%
P Prunes {de Cythère} Matière
0%
M Sirop de {Mesquite} Matière
0%
E Sirop d'{Etable} Matière
0%
Aucun quiz correspondant
Distribution des résultats
% des personnes avec chaque résultat
Percentile par nombre de réponses
Votre historique - résultats
Vous n’avez pas pris ce quiz